000 00385nam a2200157Ia 4500
008 210716s2000 xx 000 0 und d
020 _a9814053716
041 _aeng
082 _a005.1331 LIPS
100 _aLippman, Stanley B.
245 _aEssential c++.
250 _a1
260 _aNew Delhi
_bThomson Press India Ltd
_c2000
300 _axiii,276
650 _aC++ Progamming
999 _c183767
_d183767